Statistics for Actors That Have Worked with Christopher Nolan

Click here to take the quiz!

General Stats

  • This quiz has been taken 266 times
    (37 since last reset)
  • The average score is 22 of 54

Answer Stats

MoviesActor% Correct
The Dark Knight Trilogy, The PrestigeChristian Bale
100%
Dunkirk, Inception, Oppenheimer, The Dark Knight TrilogyCillian Murphy
97%
The Dark KnightHeath Ledger
84%
Dunkirk, Inception, Interstellar, Tenet, The Dark Knight Trilogy, The PrestigeMichael Caine
84%
OppenheimerRobert Downey Jr.
84%
OppenheimerEmily Blunt
81%
InceptionLeonardo DiCaprio
81%
InterstellarMatthew McConaughey
81%
Dunkirk, Inception, The Dark Knight RisesTom Hardy
81%
Interstellar, The Dark Knight RisesAnne Hathaway
74%
The PrestigeHugh Jackman
71%
Interstellar, OppenheimerMatt Damon
68%
The Dark Knight TrilogyMorgan Freeman
65%
Interstellar, OppenheimerCasey Affleck
61%
Oppenheimer, The Dark Knight TrilogyGary Oldman
61%
TenetRobert Pattinson
61%
OppenheimerFlorence Pugh
58%
TenetJohn David Washington
55%
Batman Begins, The Dark Knight RisesLiam Neeson
52%
InsomniaAl Pacino
48%
The PrestigeScarlett Johansson
48%
InterstellarTimothee Chalamet
48%
InterstellarJessica Chastain
45%
OppenheimerRami Malek
45%
InsomniaRobin Williams
45%
InceptionEllen Page
42%
Inception, The Dark Knight RisesJoseph Gordon Levitt
42%
MementoGuy Pearce
39%
Dunkirk, Tenet, OppenheimerKenneth Brannagh
39%
The Dark KnightMaggie Gyllenhaal
35%
OppenheimerJosh Hartnett
29%
Inception, The Dark Knight RisesMarion Cotillard
29%
The PrestigeDavid Bowie
26%
The Dark KnightAaron Eckhart
23%
TenetAaron Taylor Johnson
19%
OppenheimerBenny Safdie
19%
The PrestigeAndy Serkis
16%
InsomniaHilary Swank
16%
Batman BeginsKatie Holmes
16%
InterstellarJohn Lithgow
10%
Batman Begins, InceptionKen Watanbe
10%
DunkirkMark Rylance
10%
Oppenheimer, The Dark Knight RisesMatthew Modine
10%
The Dark KnightMichael Jai White
10%
Batman BeginsTom Wilkinson
10%
OppenheimerAlden Ehrenreich
6%
InterstellarTopher Grace
6%
DunkirkBarry Keoghan
3%
The Dark Knight RisesBen Mendelsohn
3%
InterstellarDavid Oyelowo
3%
The Dark KnightEric Roberts
3%
Batman BeginsRutgen Hauer
3%
InceptionTom Berenger
3%
OppenheimerMatthias Schweighöfer
0%

Score Distribution

Percentile by Number Answered

Percent of People with Each Score

Your Score History

You have not taken this quiz since the last reset